000 00682nam a2200241Ia 4500
003 OSt
005 20220928123954.0
006 a|||||r|||| 00| 0
007 ta
008 220927b |||||||| |||| 00| 0 eng d
024 _a65840
037 _cTextual
040 _aSDCL
_cSDCL
_beng
041 _2eng
_aeng
082 _aX:328.2'P, P5
100 _aSaxena Anand
_9462827
245 0 _aEntrepreneurship
_bMotivation,performance and rewards
260 _aNew Delhi
_bDeep & Deep Publications
_c2005
300 _axv,306p Bibp307-329
_ccm.
650 _aEnterprenurship
_9405469
942 _hX:328.2'P, P5
_cTEXL
_2CC
999 _c775795
_d775795